Detalles MARC
| 000 -LEADER |
| fixed length control field |
01530nam a2200409Ii 4500 |
| 001 - CONTROL NUMBER |
| control field |
DIGSLX1601 |
| 003 - CONTROL NUMBER IDENTIFIER |
| control field |
NyNyDIG |
| 006 - FIXED-LENGTH DATA ELEMENTS--ADDITIONAL MATERIAL CHARACTERISTICS |
| fixed length control field |
m o d |
| 007 - PHYSICAL DESCRIPTION FIXED FIELD--GENERAL INFORMATION |
| fixed length control field |
cr ||||||||||| |
| 008 - FIXED-LENGTH DATA ELEMENTS--GENERAL INFORMATION |
| fixed length control field |
100412s2006 sp ob 000 0dspa d |
| 020 ## - INTERNATIONAL STANDARD BOOK NUMBER |
| Canceled/invalid ISBN |
8477371652 |
| 020 ## - INTERNATIONAL STANDARD BOOK NUMBER |
| Canceled/invalid ISBN |
9788477371656 |
| 035 ## - SYSTEM CONTROL NUMBER |
| System control number |
(OCoLC)608038254 |
| 040 ## - CATALOGING SOURCE |
| Original cataloging agency |
DGITA |
| Language of cataloging |
eng |
| Description conventions |
pn |
| Transcribing agency |
DGITA |
| 043 ## - GEOGRAPHIC AREA CODE |
| Geographic area code |
e-sp--- |
| 050 14 - LIBRARY OF CONGRESS CALL NUMBER |
| Classification number |
DP143.4 eBook |
| 100 1# - MAIN ENTRY--PERSONAL NAME |
| Personal name |
Carrasco Manchado, Ana Isabel. |
| 245 10 - TITLE STATEMENT |
| Title |
Isabel I de Castilla y la sombra de la ilegitimidad : |
| Remainder of title |
propaganda y representación en el conflicto sucesorio (1474-1482) / |
| Statement of responsibility, etc. |
Ana Isabel Carrasco Manchado. |
| 264 #1 - PRODUCTION, PUBLICATION, DISTRIBUTION, MANUFACTURE, AND COPYRIGHT NOTICE |
| Place of production, publication, distribution, manufacture |
Madrid : |
| Name of producer, publisher, distributor, manufacturer |
Sílex, |
| Date of production, publication, distribution, manufacture, or copyright notice |
c2006. |
| 300 ## - PHYSICAL DESCRIPTION |
| Extent |
1 online resource (566 pages) |
| 336 ## - CONTENT TYPE |
| Content type term |
text |
| Content type code |
txt |
| Source |
rdacontent |
| 337 ## - MEDIA TYPE |
| Media type term |
computer |
| Media type code |
c |
| Source |
rdamedia |
| 338 ## - CARRIER TYPE |
| Carrier type term |
online resource |
| Carrier type code |
cr |
| Source |
rdacarrier |
| 490 1# - SERIES STATEMENT |
| Series statement |
Serie Historia medieval |
| 504 ## - BIBLIOGRAPHY, ETC. NOTE |
| Bibliography, etc. note |
Includes bibliographical references (p. 541-566). |
| 651 #0 - SUBJECT ADDED ENTRY--GEOGRAPHIC NAME |
| Geographic name |
Castile (Spain) |
| General subdivision |
History |
| Chronological subdivision |
Isabel I, 1474-1504 |
| 651 #0 - SUBJECT ADDED ENTRY--GEOGRAPHIC NAME |
| Geographic name |
Castile (Spain) |
| General subdivision |
Kings and rulers |
| -- |
Succession. |
| 600 00 - SUBJECT ADDED ENTRY--PERSONAL NAME |
| Personal name |
Isabella |
| Numeration |
I, |
| Titles and other words associated with a name |
Queen of Spain, |
| Dates associated with a name |
1451-1504. |
| 600 00 - SUBJECT ADDED ENTRY--PERSONAL NAME |
| Personal name |
Juana, |
| Titles and other words associated with a name |
la Loca, Queen of Castile, |
| Dates associated with a name |
1479-1555. |
| 655 #0 - INDEX TERM--GENRE/FORM |
| Genre/form data or focus term |
Electronic books. |
| 791 2# - |
| -- |
Digitalia (Firm), |
| -- |
distributor. |
| 793 0# - |
| -- |
Digitalia eBook Collection: |
| -- |
Sílex. |
| 830 #0 - SERIES ADDED ENTRY--UNIFORM TITLE |
| Uniform title |
Serie Historia medieval (Sílex (Firm : Madrid, Spain)) |
| 856 40 - ELECTRONIC LOCATION AND ACCESS |
| Materials specified |
Digitalia Hispánica |
| Uniform Resource Identifier |
<a href="https://www.digitaliapublishing.com/a/1274/">https://www.digitaliapublishing.com/a/1274/</a> |
| 910 ## - USER-OPTION DATA (OCLC) |
| User-option data |
Premium Collection: 2007-2012 |
| 942 ## - ADDED ENTRY ELEMENTS (KOHA) |
| Koha item type |
Recurso Electrónico |